000 00720nam a22002417a 4500
999 _c35143
_d35143
001 4560
003 CO-MdFUSB
005 20180622073144.0
008 180306t1963 xxu||||| |||| 00| 0 eng d
020 _a0-8028-1405-0
040 _aCO-MdFUSB
_bspa
_cCO-MdFUSB
_dCO-MdFUSBC
_erda
041 0 _aeng
082 0 4 _aG 227.1 B8863e
100 1 _aBruce, Federico F. (Fyvie) (1910-)
_eautor
245 4 _aThe epistle of Paul to the Romans
_c/ F. F. Bruce
264 4 _aGrand Rapids, MI., USA :
_b Eerdmans,
_c©1963
300 _a288 Pag
336 _2rdacontent
_atexto
_btxt
337 _2rdamedia
_asin mediación
_bn
338 _2rdacarrier
_avolumen
_bnc
653 _aBiblia N.T. - Romanos - Comentarios
942 _cBK